Vista normal
Vista MARC
Entrada Personal Name
Número de registros utilizados en: 1
001 - CONTROL NUMBER
- control field: 17741
003 - CONTROL NUMBER IDENTIFIER
- control field: DLC
005 - DATE AND TIME OF LATEST TRANSACTION
- control field: 20251126121147.0
008 - FIXED-LENGTH DATA ELEMENTS
- fixed length control field: 200115n| azannaabn |a aaa c
010 ## - LIBRARY OF CONGRESS CONTROL NUMBER
- LC control number: no2020006986
035 ## - SYSTEM CONTROL NUMBER
- System control number: (OCoLC)oca12695197
040 ## - CATALOGING SOURCE
- Original cataloging agency: ICrlF
- Language of cataloging: spa
- Description conventions: rda
- Transcribing agency: Mx-PuUPA
- Modifying agency: Mx-PuUPA
046 ## - SPECIAL CODED DATES
- Birth date: 1971
- Source of date scheme: edtf
100 1# - HEADING--PERSONAL NAME
- Personal name: Guerra Vargas, Rosa Luisa,
- Dates associated with a name: 1971-
370 ## - ASSOCIATED PLACE
- Place of birth: Ciudad de México (México)
- Source of term: naf
372 ## - FIELD OF ACTIVITY
- Field of activity: Política, Práctica
- Source of term: lcsh
375 ## - GENDER
- Gender: mujer
- Source of term: lcdgt
377 ## - ASSOCIATED LANGUAGE
- Language code: spa
400 1# - SEE FROM TRACING--PERSONAL NAME
- Personal name: Vargas, Rosa Luisa Guerra,
- Dates associated with a name: 1971-
670 ## - SOURCE DATA FOUND
- Source citation: Guerra Vargas, Rosa Luisa. Cara o cruz. Francisco I. Madero :
- Information found: t.p. (Rosa Luisa Guerra Vargas) front jacket flap (Rosa Luisa Guerra Vargas was born in 1971 in Mexico City)